01764nam a2200253 a 4500001001000000003000900010005001700019007001000036008004100046020001500087040002200102082001800124100004100142245005700183260005100240300004300291500003100334505080000365651006001165651007501225651006901300651007601369651006501445000003253DO-SdBNP20171023095556.0000003253090707s2006 dr ac 000 0 spa d a9945410113 aBPMSUbspacBPMSU 4a972.93bD671h1 aDomínguez, Jaime de Jesúsd1947-10aHistoria dominicana /cJaime de Jesús Domínguez.0 aSanto Domingo :bBreve Letra Gráfica,c2006. a294 p :bil., mapas., retrs. ;c18 cm. aBibliografía: p. 292-2940 aLos indígenas de La Española -- Colón y el descubrimiento de América -- La factoría colombina -- La insurrección de Roldán -- El Gobierno de Ovando -- Diego Colón. Padres Jerónimos. Enriquillo -- La industria azucarera colonial -- Los negros esclavos -- Las devastaciones de Osorio -- Santo Domingo francés y español -- Las primeras invasiones haitianas -- La era de Francia en Santo Domingo -- La España Boba. Independencia Efímera -- La ocupación haitiana -- La primera república -- La anexión a España -- Julio de 1865. Julio de 1886 -- La dictadura de Heureaux -- Los inicios del siglo XX -- La primera ocupación estadounidense -- El tercer gobierno de Horacio Vásquez -- La dictadura de Trujillo -- Hacia la democracia representativa -- Bibliografía. 4aREPÚBLICA DOMINICANAxPOLÍTICA Y GOBIERNOxHISTORIA 4aREPÚBLICA DOMINICANAxHISTORIAyDESCUBRIMIENTO Y CONQUISTA 1492-1503 4aREPÚBLICA DOMINICANAxHISTORIAyOCUPACIÓN HAITIANA 1822-1844 4aREPÚBLICA DOMINICANAxHISTORIAyOCUPACIÓN NORTEAMERICANA, 1916-1924 4aREPÚBLICA DOMINICANAxHISTORIAyERA DE TRUJILLO, 1930-1961